000 00465nam a2200145 a 4500
008 120416s0000 ||||||||||||||||| || u
020 _a0709124252
050 _aPS 3552.E68V6 Ber
100 _aBerckman, Evelyn
245 1 4 _aThe voice of air
260 _aLondon
_bRobert Hale
_c1971
300 _a192p.
350 _a0.00
995 _D0.00
_FCBU-MAIN LIBRARY (Kitwe)
_H1
_I1.40
_M1
_UAVAILABLE
_ZFiction Collection
999 _c61364
_d61364